000 00988nam a2200301Ia 4500
003 OSt
005 20221007123112.0
006 a|||||r|||| 00| 0
007 ta
008 221006b |||||||| |||| 00| 0 eng d
020 _a9781108446310 (HBK)
024 _a200498
037 _b5330, 07/02/2019, Ashutosh Technical Books
_cTextual
040 _aPAPL
_cPAPL
_beng
041 _2eng
_aeng
082 _aC9B2, Q8 Carpa
100 _aFox Mark
_9601337
245 0 _aStudent's guide to atomic physics
260 _aNew
_bYork Cambridge University Press
_c2018
300 _axvii, 274p. ill.
_ccm.
500 _aAppendix A-E, 248-266p; References 267-268p.; Index 269-274p.
650 _a Applications of atomic physics
_9716455
650 _a Atomic theory
_9716456
650 _a Nuclear physics
_9543687
650 _aPhysics
942 _hC9B2, Q8 Carpa
_cTEXL
_2CC
999 _c1211378
_d1211378